15 największych państw na świecie - Statystyki

Ogólne statystyki
  • Ten quiz został rozwiązany 219 razy
  • Średni wynik to 13 z 15
Statystyki odpowiedzi
Powierzchnia Kraj % Poprawnych
17,1 mln km² Rosja
100%
9,6 mln km² Chiny
98%
9,5 mln km² Stany Zjednoczone
98%
8,5 mln km² Brazylia
97%
10 mln km² Kanada
97%
3,3 mln km² Indie
92%
2,8 mln km² Argentyna
89%
7,7 mln km² Australia
88%
2,7 mln km² Kazachstan
84%
2,0 mln km² Meksyk
84%
2,4 mln km² Algieria
78%
2,3 mln km² Demokratyczna Republika Konga
74%
2,1 mln km² Arabia Saudyjska
70%
1,9 mln km² Indonezja
66%
1,9 mln km² Sudan
53%
Nie znaleziono quizów pasujących do podanych kryteriów
Rozkład punktacji
Procent ludzi z każdym wynikiem
Percentyl według liczby udzielonych odpowiedzi
Twoja historia wyników
Nie rozwiązałeś tego quizu